عرض عادي
عرض مارك
- Abraham Accords
دخول Uniform Title
001 - CONTROL NUMBER
- control field: 30994
003 - CONTROL NUMBER IDENTIFIER
- control field: AE-AdECS
005 - DATE AND TIME OF LATEST TRANSACTION
- control field: 20260701070505.0
008 - FIXED-LENGTH DATA ELEMENTS
- fixed length control field: 260701|| aca||aabn | a|a d
040 ## - CATALOGING SOURCE
- Original cataloging agency: AE-AdECS
- Transcribing agency: AE-AdECS
130 ## - HEADING--UNIFORM TITLE
- Uniform title: Abraham Accords
- Date of treaty signing: (2020 September 15)
670 ## - SOURCE DATA FOUND
- Source citation: Work cat.: (AE-AdECS)295558: Mason, Robert, author. 30993, The Abraham Accords :
